Manažment zdravotných a bezpečnostných opatrení v zariadeniach CR diplomová práca

Enregistré dans:
Détails bibliographiques
Auteur principal: Slováková, Lucia
Collectivité auteur: Obchodná fakulta EU. Katedra služieb a cestovného ruchu - zrušené
Autres auteurs: Benčič, Stanislav
Format: Livre
Langue:slovaque
Publié: Bratislava 2011
Tags: Ajouter un tag
Pas de tags, Soyez le premier à ajouter un tag!

MARC

LEADER 00000nbm a2200000 4500
001 0131854
005 20161109101737.4
041 0 |a slo 
044 |a SK 
245 1 0 |a Manažment zdravotných a bezpečnostných opatrení v zariadeniach CR  |b diplomová práca  |c Lucia Slováková ; školiteľ: Stanislav Benčič 
264 1 |a Bratislava  |c 2011 
300 |a 85 s. 
100 1 |a Slováková, Lucia 
700 1 |a Benčič, Stanislav 
710 2 |a Obchodná fakulta EU. Katedra služieb a cestovného ruchu - zrušené